000 00852nam a2200277Ia 4500
003 GCL
008 140319s9999 xx 000 0 ara d
040 _aGCL /
_cGCL
082 0 4 _a922.1
_bع ا
100 1 _aعبدالحليم الجندى
245 1 0 _aالامام محمد عبده /
_cعبدالحليم الجندى
250 _aالثانية
260 _aالقاهرة :
_bدار المعارف ،
_c1987
300 _a188 ص
490 _aسلسلة أعلام الاسلام
_v1
490 _a
650 0 4 _aمصر
650 0 4 _aالاحوال الاجتماعية
650 0 4 _aالتعليم
650 0 4 _aالتراجم
650 0 4 _aالقضاء الشرعى
650 0 4 _aالصحافة المصرية
650 0 4 _aالمصلحون غير السلفيين
650 0 4 _aالازهر (جامع)
942 _2ddc
_cBK
999 _c52905
_d52905